Los mejores cuentos policiales /

Gorde:
Xehetasun bibliografikoak
Egile nagusia: Bioy Casares, Adolfo (selección)
Beste egile batzuk: Borges, Jorge Luis (selección) (selección)
Formatua: Liburua
Hizkuntza:gaztelania
Argitaratua: Madrid, España : Alianza : Emecé, 1979, c1979
Etiketak: Etiketa erantsi
Etiketarik gabe, Izan zaitez lehena erregistro honi etiketa jartzen!

MARC

LEADER 00000nam^a2200000^a^4500
001 000620158
005 20250904000000.0
009 20260310133834.36
020 |a 84-206-1368-1 
037 |a Acervo ITESO - Biblioteca 
041 |a ESP 
091 |a FGU. 00646 
100 |a Bioy Casares, Adolfo  |e (selección) 
245 1 4 |a Los mejores cuentos policiales / 
264 4 |a Madrid, España :  |b Alianza :  |b Emecé,  |c 1979, c1979 
300 |a 329 p. 
336 |a texto  |b txt  |2 rdacontenido 
337 |a sin mediación  |b n  |2 rdamedio 
338 |a volumen  |b nc  |2 rdasoporte 
649 |a XX 
700 |a Borges, Jorge Luis  |e (selección) 
910 |a Fondo Guadalupe Morfín Otero 
920 |a Impresos - Libros 
930 |a Fondos Especiales 
940 |a Literatura 
905 |a 146 
901 |a 620158-10  |b IT2  |c ESP  |i D  |u 20250904 
902 |a https://opac.biblio.iteso.mx/vufind/Record/000620158